[Event "Grand Swiss "]
[Date "2025.09.05"]
[White "Eljanov, Pavel"]
[Black "Mendonca, Leon Luke"]
[WhiteElo "2682"]
[BlackElo "2615"]
[Round "2.2.27"]
[Result "0-1"]

1. d4 {[%clk 01:40:39] [%emt 00:00:20]} Nf6 {[%clk 01:40:48] [%emt 00:00:12]} 2.
c4 {[%clk 01:40:49] [%emt 00:00:20]} e6 {[%clk 01:41:12] [%emt 00:00:07]} 3. Nf3
{[%clk 01:40:55] [%emt 00:00:24]} d5 {[%clk 01:41:17] [%emt 00:00:25]} 4. g3
{[%clk 01:41:02] [%emt 00:00:23]} dxc4 {[%clk 01:40:05] [%emt 00:01:42]} 5. Bg2
{[%clk 01:41:15] [%emt 00:00:17]} c6 {[%clk 01:40:04] [%emt 00:00:31]} 6. Ne5
{[%clk 01:35:59] [%emt 00:05:47]} Bb4+ {[%clk 01:40:01] [%emt 00:00:32]} 7. Nc3
{[%clk 01:35:58] [%emt 00:00:31]} Nd5 {[%clk 01:39:28] [%emt 00:01:03]} 8. Bd2
{[%clk 01:36:02] [%emt 00:00:26]} b5 {[%clk 01:39:20] [%emt 00:00:38]} 9. O-O
{[%clk 01:34:52] [%emt 00:01:40]} O-O {[%clk 01:39:09] [%emt 00:00:41]} 10. a4
{[%clk 01:33:36] [%emt 00:01:46]} a5 {[%clk 01:15:39] [%emt 00:24:01]} 11. h4
{[%clk 01:32:59] [%emt 00:01:07]} f6 {[%clk 01:05:42] [%emt 00:10:27]} 12. Nf3
{[%clk 01:29:56] [%emt 00:03:32]} Qe8 {[%clk 01:02:23] [%emt 00:03:50]} 13. Qc2
{[%clk 01:05:38] [%emt 00:24:48]} Bb7 {[%clk 01:01:49] [%emt 00:01:03]} 14. g4
{[%clk 00:47:02] [%emt 00:19:06]} Na6 {[%clk 00:52:49] [%emt 00:09:30]} 15. h5
{[%clk 00:43:40] [%emt 00:03:51]} Be7 {[%clk 00:48:02] [%emt 00:05:18]} 16. h6
{[%clk 00:37:47] [%emt 00:06:23]} g5 {[%clk 00:47:02] [%emt 00:01:29]} 17. axb5
{[%clk 00:36:18] [%emt 00:02:00]} cxb5 {[%clk 00:36:52] [%emt 00:10:41]} 18.
Rxa5 {[%clk 00:28:26] [%emt 00:08:22]} Nab4 {[%clk 00:36:59] [%emt 00:00:22]}
19. Rxa8 {[%clk 00:28:50] [%emt 00:00:06]} Qxa8 {[%clk 00:29:46] [%emt
00:07:43]} 20. Qb1 {[%clk 00:27:06] [%emt 00:02:14]} Bc6 {[%clk 00:29:04] [%emt
00:01:12]} 21. Re1 {[%clk 00:23:05] [%emt 00:04:31]} Nxc3 {[%clk 00:19:04] [%emt
00:10:31]} 22. bxc3 {[%clk 00:23:17] [%emt 00:00:18]} Be4 {[%clk 00:18:04] [%emt
00:01:29]} 23. Qb2 {[%clk 00:13:55] [%emt 00:09:52]} Nc2 {[%clk 00:18:22] [%emt
00:00:12]} 24. Qxb5 {[%clk 00:06:35] [%emt 00:07:50]} Nxe1 {[%clk 00:17:34]
[%emt 00:01:18]} 25. Nxe1 {[%clk 00:07:00] [%emt 00:00:04]} Bd5 {[%clk 00:12:37]
[%emt 00:05:28]} 26. Qd7 {[%clk 00:03:13] [%emt 00:04:17]} Kf7 {[%clk 00:11:39]
[%emt 00:01:28]} 27. f4 {[%clk 00:01:50] [%emt 00:01:52]} gxf4 {[%clk 00:08:11]
[%emt 00:03:58]} 28. Kf2 {[%clk 00:00:58] [%emt 00:01:21]} Rg8 {[%clk 00:04:21]
[%emt 00:04:21]} 29. Bf3 {[%clk 00:00:40] [%emt 00:00:48]} Bxf3 {[%clk 00:02:22]
[%emt 00:02:29]} 30. exf3 {[%clk 00:00:57] [%emt 00:00:13]} Rb8 {[%clk 00:01:50]
[%emt 00:01:03]} 31. Qc7 {[%clk 00:00:40] [%emt 00:00:48]} Rb2 {[%clk 00:02:09]
[%emt 00:00:10]} 32. Qxf4 {[%clk 00:00:34] [%emt 00:00:35]} Qd5 {[%clk 00:01:40]
[%emt 00:01:00]} 33. Ke2 {[%clk 00:00:35] [%emt 00:00:28]} Bd6 {[%clk 00:01:50]
[%emt 00:00:21]} 34. Qe3 {[%clk 00:00:53] [%emt 00:00:12]} e5 {[%clk 00:01:35]
[%emt 00:00:45]} 35. dxe5 {[%clk 00:01:09] [%emt 00:00:13]} Bxe5 {[%clk
00:01:12] [%emt 00:00:54]} 36. f4 {[%clk 00:00:33] [%emt 00:01:07]} Bd6 {[%clk
00:01:08] [%emt 00:00:34]} 0-1

[Site "Europe Echecs"]

[Event "Grand Swiss "]
[Date "2025.09.05"]
[White "Xu, Xiangyu"]
[Black "Yakubboev, Nodirbek"]
[WhiteElo "2615"]
[BlackElo "2681"]
[Round "2.2.28"]
[Result "0-1"]

1. d4 {[%clk 01:40:56] [%emt 00:00:03]} Nf6 {[%clk 01:40:52] [%emt 00:00:08]} 2.
c4 {[%clk 01:41:19] [%emt 00:00:07]} e6 {[%clk 01:41:18] [%emt 00:00:04]} 3. Nc3
{[%clk 01:41:43] [%emt 00:00:07]} Bb4 {[%clk 01:41:40] [%emt 00:00:08]} 4. e3
{[%clk 01:42:06] [%emt 00:00:06]} c5 {[%clk 01:41:35] [%emt 00:00:35]} 5. Bd3
{[%clk 01:38:38] [%emt 00:03:58]} Nc6 {[%clk 01:41:53] [%emt 00:00:13]} 6. Nge2
{[%clk 01:38:41] [%emt 00:00:26]} O-O {[%clk 01:41:32] [%emt 00:00:50]} 7. a3
{[%clk 01:25:52] [%emt 00:13:21]} Bxc3+ {[%clk 01:41:54] [%emt 00:00:08]} 8.
Nxc3 {[%clk 01:26:17] [%emt 00:00:05]} cxd4 {[%clk 01:42:16] [%emt 00:00:08]} 9.
exd4 {[%clk 01:26:43] [%emt 00:00:04]} d5 {[%clk 01:42:42] [%emt 00:00:04]} 10.
Be3 {[%clk 01:27:07] [%emt 00:00:06]} dxc4 {[%clk 01:37:05] [%emt 00:06:08]} 11.
Bxc4 {[%clk 01:27:31] [%emt 00:00:05]} b6 {[%clk 01:37:27] [%emt 00:00:09]} 12.
O-O {[%clk 01:27:26] [%emt 00:00:34]} Bb7 {[%clk 01:31:18] [%emt 00:06:39]} 13.
Ba2 {[%clk 01:27:41] [%emt 00:00:15]} Qd6 {[%clk 01:18:17] [%emt 00:13:31]} 14.
d5 {[%clk 01:13:06] [%emt 00:15:06]} exd5 {[%clk 01:18:41] [%emt 00:00:06]} 15.
Nxd5 {[%clk 01:13:26] [%emt 00:00:11]} Rad8 {[%clk 01:16:56] [%emt 00:02:14]}
16. Nc3 {[%clk 01:13:49] [%emt 00:00:06]} Qb8 {[%clk 01:14:41] [%emt 00:02:45]}
17. Qa4 {[%clk 01:14:14] [%emt 00:00:07]} Ne5 {[%clk 01:09:36] [%emt 00:05:35]}
18. Bf4 {[%clk 01:12:18] [%emt 00:02:26]} Nh5 {[%clk 01:08:54] [%emt 00:01:11]}
19. Bxe5 {[%clk 00:49:46] [%emt 00:23:03]} Qxe5 {[%clk 01:09:20] [%emt
00:00:03]} 20. Qxa7 {[%clk 00:50:11] [%emt 00:00:06]} Rb8 {[%clk 01:06:29] [%emt
00:03:20]} 21. Rad1 {[%clk 00:25:04] [%emt 00:25:37]} Nf4 {[%clk 01:03:41] [%emt
00:03:16]} 22. f3 {[%clk 00:25:31] [%emt 00:00:05]} Qe3+ {[%clk 00:55:00] [%emt
00:09:11]} 23. Kh1 {[%clk 00:24:19] [%emt 00:01:42]} Nd3 {[%clk 00:54:20] [%emt
00:01:09]} 24. Bxf7+ {[%clk 00:19:20] [%emt 00:05:30]} Kxf7 {[%clk 00:51:53]
[%emt 00:02:57]} 25. Qa4 {[%clk 00:19:45] [%emt 00:00:05]} Rfd8 {[%clk 00:52:07]
[%emt 00:00:15]} 26. Qc2 {[%clk 00:15:15] [%emt 00:05:01]} Kg8 {[%clk 00:43:46]
[%emt 00:08:51]} 27. Rd2 {[%clk 00:15:31] [%emt 00:00:15]} Ba6 {[%clk 00:39:56]
[%emt 00:04:21]} 28. Re2 {[%clk 00:13:02] [%emt 00:02:58]} Qc5 {[%clk 00:35:02]
[%emt 00:05:24]} 29. b4 {[%clk 00:09:47] [%emt 00:03:46]} Qc4 {[%clk 00:31:04]
[%emt 00:04:28]} 0-1

[Site "Europe Echecs"]

[Event "Grand Swiss "]
[Date "2025.09.05"]
[White "Deac, Bogdan-Daniel"]
[Black "Najer, Evgeniy"]
[WhiteElo "2674"]
[BlackElo "2613"]
[Round "2.2.29"]
[Result "1/2-1/2"]

1. Nf3 {[%clk 01:40:57] [%emt 00:00:02]} d5 {[%clk 01:40:47] [%emt 00:00:14]} 2.
g3 {[%clk 01:40:52] [%emt 00:00:35]} c5 {[%clk 01:36:36] [%emt 00:04:41]} 3. Bg2
{[%clk 01:40:31] [%emt 00:00:50]} g6 {[%clk 01:36:28] [%emt 00:00:38]} 4. c4
{[%clk 01:22:50] [%emt 00:18:11]} Nf6 {[%clk 01:32:00] [%emt 00:04:58]} 5. cxd5
{[%clk 01:17:13] [%emt 00:06:08]} Nxd5 {[%clk 01:32:04] [%emt 00:00:27]} 6. d4
{[%clk 01:13:14] [%emt 00:04:28]} Bg7 {[%clk 01:30:29] [%emt 00:02:05]} 7. dxc5
{[%clk 01:04:40] [%emt 00:09:05]} O-O {[%clk 01:24:18] [%emt 00:06:40]} 8. O-O
{[%clk 00:45:25] [%emt 00:19:46]} Na6 {[%clk 01:23:52] [%emt 00:00:56]} 9. Ng5
{[%clk 00:44:43] [%emt 00:01:11]} e6 {[%clk 01:14:00] [%emt 00:10:23]} 10. Nc3
{[%clk 00:37:05] [%emt 00:08:08]} Nxc3 {[%clk 01:10:08] [%emt 00:04:22]} 11.
bxc3 {[%clk 00:36:12] [%emt 00:01:23]} Nxc5 {[%clk 01:09:17] [%emt 00:01:21]}
12. Qxd8 {[%clk 00:29:40] [%emt 00:07:02]} Rxd8 {[%clk 01:08:34] [%emt
00:01:13]} 13. Be3 {[%clk 00:24:23] [%emt 00:05:47]} Na4 {[%clk 00:58:41] [%emt
00:10:23]} 14. Rad1 {[%clk 00:20:20] [%emt 00:04:32]} Rd7 {[%clk 00:49:13] [%emt
00:09:59]} 15. Rxd7 {[%clk 00:13:59] [%emt 00:06:52]} Bxd7 {[%clk 00:49:39]
[%emt 00:00:04]} 16. Rb1 {[%clk 00:14:15] [%emt 00:00:13]} Bc6 {[%clk 00:36:13]
[%emt 00:13:56]} 17. Bxc6 {[%clk 00:10:24] [%emt 00:04:21]} bxc6 {[%clk
00:36:41] [%emt 00:00:02]} 18. c4 {[%clk 00:08:30] [%emt 00:02:24]} Nb2 {[%clk
00:32:24] [%emt 00:04:46]} 19. Rc1 {[%clk 00:06:57] [%emt 00:02:03]} Rb8 {[%clk
00:29:58] [%emt 00:02:57]} 20. Nf3 {[%clk 00:03:34] [%emt 00:03:52]} Rb4 {[%clk
00:20:57] [%emt 00:09:31]} 21. Bxa7 {[%clk 00:01:52] [%emt 00:02:13]} Ra4 {[%clk
00:19:57] [%emt 00:01:29]} 22. Bc5 {[%clk 00:01:22] [%emt 00:01:00]} Rxa2 {[%clk
00:16:04] [%emt 00:04:23]} 23. Rc2 {[%clk 00:01:09] [%emt 00:00:42]} Ra4 {[%clk
00:10:51] [%emt 00:05:43]} 24. Nd2 {[%clk 00:01:36] [%emt 00:00:03]} f5 {[%clk
00:06:55] [%emt 00:04:27]} 25. Kg2 {[%clk 00:01:01] [%emt 00:01:05]} Bf6 {[%clk
00:05:21] [%emt 00:02:05]} 26. h4 {[%clk 00:00:48] [%emt 00:00:43]} h6 {[%clk
00:05:35] [%emt 00:00:17]} 27. Be3 {[%clk 00:00:39] [%emt 00:00:38]} g5 {[%clk
00:05:15] [%emt 00:00:50]} 28. h5 {[%clk 00:00:40] [%emt 00:00:28]} Kf7 {[%clk
00:03:06] [%emt 00:02:39]} 29. Bc5 {[%clk 00:00:46] [%emt 00:00:23]} Ke8 {[%clk
00:03:05] [%emt 00:00:31]} 30. Bd6 {[%clk 00:00:39] [%emt 00:00:37]} Bg7 {[%clk
00:02:49] [%emt 00:00:47]} 31. Bc5 {[%clk 00:00:37] [%emt 00:00:32]} Ra5 {[%clk
00:02:34] [%emt 00:00:45]} 32. Bb4 {[%clk 00:00:40] [%emt 00:00:26]} Ra4 {[%clk
00:02:39] [%emt 00:00:26]} 33. Bc3 {[%clk 00:00:37] [%emt 00:00:33]} Bxc3 {[%clk
00:03:01] [%emt 00:00:08]} 34. Rxc3 {[%clk 00:01:05] [%emt 00:00:02]} g4 {[%clk
00:02:51] [%emt 00:00:40]} 35. f3 {[%clk 00:00:43] [%emt 00:00:53]} Ke7 {[%clk
00:02:12] [%emt 00:01:09]} 36. Rc2 {[%clk 00:00:38] [%emt 00:00:35]} Rb4 {[%clk
00:01:55] [%emt 00:00:48]} 37. fxg4 {[%clk 00:00:33] [%emt 00:00:35]} fxg4
{[%clk 00:01:59] [%emt 00:00:26]} 38. Rc1 {[%clk 00:00:45] [%emt 00:00:17]} Na4
{[%clk 00:01:25] [%emt 00:01:04]} 39. Ne4 {[%clk 00:00:39] [%emt 00:00:36]} Nb6
{[%clk 00:01:35] [%emt 00:00:20]} 40. Nf2 {[%clk 00:00:37] [%emt 00:00:31]} Rxc4
{[%clk 00:00:38] [%emt 00:01:29]} 41. Rxc4 {[%clk 00:01:06] [%emt 00:00:01]}
Nxc4 {[%clk 00:01:03] [%emt 00:00:05]} 42. Nxg4 {[%clk 00:01:31] [%emt
00:00:04]} Nd6 {[%clk 00:45:02] [%emt 00:06:31]} 43. Nxh6 {[%clk 00:51:12] [%emt
00:00:49]} Kf6 {[%clk 00:39:46] [%emt 00:05:46]} 44. Ng4+ {[%clk 00:51:33] [%emt
00:00:09]} Kg5 {[%clk 00:34:48] [%emt 00:05:28]} 45. Ne5 {[%clk 00:51:59] [%emt
00:00:03]} c5 {[%clk 00:33:15] [%emt 00:02:05]} 46. g4 {[%clk 00:52:24] [%emt
00:00:04]} Kf4 {[%clk 00:30:49] [%emt 00:02:57]} 47. Nd3+ {[%clk 00:50:22] [%emt
00:02:32]} Kxg4 {[%clk 00:29:32] [%emt 00:01:47]} 48. Nxc5 {[%clk 00:50:49]
[%emt 00:00:03]} Kxh5 {[%clk 00:29:51] [%emt 00:00:10]} 49. Nxe6 {[%clk
00:51:14] [%emt 00:00:05]} Kg4 {[%clk 00:30:10] [%emt 00:00:11]} 50. Nd4 {[%clk
00:51:40] [%emt 00:00:04]} 1/2-1/2

[Site "Europe Echecs"]

[Event "Grand Swiss "]
[Date "2025.09.05"]
[White "Predke, Alexandr"]
[Black "Robson, Ray"]
[WhiteElo "2609"]
[BlackElo "2674"]
[Round "2.2.30"]
[Result "1-0"]

1. d4 {[%clk 01:40:32] [%emt 00:00:26]} Nf6 {[%clk 01:40:42] [%emt 00:00:18]} 2.
c4 {[%clk 01:40:53] [%emt 00:00:06]} e6 {[%clk 01:41:07] [%emt 00:00:09]} 3. Nc3
{[%clk 01:41:18] [%emt 00:00:04]} Bb4 {[%clk 01:40:44] [%emt 00:00:53]} 4. Nf3
{[%clk 01:41:41] [%emt 00:00:08]} O-O {[%clk 01:39:26] [%emt 00:01:48]} 5. Bg5
{[%clk 01:41:54] [%emt 00:00:16]} h6 {[%clk 01:36:20] [%emt 00:03:36]} 6. Bh4
{[%clk 01:42:16] [%emt 00:00:09]} c5 {[%clk 01:35:22] [%emt 00:01:28]} 7. e3
{[%clk 01:41:45] [%emt 00:01:00]} cxd4 {[%clk 01:21:30] [%emt 00:14:24]} 8. exd4
{[%clk 01:40:56] [%emt 00:01:18]} d5 {[%clk 01:21:23] [%emt 00:00:36]} 9. cxd5
{[%clk 01:41:19] [%emt 00:00:07]} exd5 {[%clk 01:20:45] [%emt 00:01:08]} 10. Be2
{[%clk 01:41:43] [%emt 00:00:07]} Nc6 {[%clk 01:03:42] [%emt 00:17:33]} 11. O-O
{[%clk 01:41:58] [%emt 00:00:15]} Be7 {[%clk 01:02:36] [%emt 00:01:36]} 12. Rc1
{[%clk 01:35:35] [%emt 00:06:53]} Bf5 {[%clk 00:58:29] [%emt 00:04:37]} 13. Bb5
{[%clk 01:19:42] [%emt 00:16:22]} Rc8 {[%clk 00:46:58] [%emt 00:12:00]} 14. h3
{[%clk 01:19:18] [%emt 00:00:55]} a6 {[%clk 00:36:25] [%emt 00:11:03]} 15. Bxc6
{[%clk 01:15:51] [%emt 00:03:56]} Rxc6 {[%clk 00:36:44] [%emt 00:00:13]} 16. Ne5
{[%clk 01:14:53] [%emt 00:01:27]} Re6 {[%clk 00:35:44] [%emt 00:01:30]} 17. Ne2
{[%clk 00:25:17] [%emt 00:50:06]} Ne4 {[%clk 00:30:27] [%emt 00:05:47]} 18. Bxe7
{[%clk 00:25:00] [%emt 00:00:48]} Rxe7 {[%clk 00:30:01] [%emt 00:00:56]} 19. Nf4
{[%clk 00:22:34] [%emt 00:02:55]} Rfe8 {[%clk 00:27:30] [%emt 00:03:01]} 20. Qh5
{[%clk 00:18:43] [%emt 00:04:21]} Bh7 {[%clk 00:25:28] [%emt 00:02:31]} 21. Ng4
{[%clk 00:15:27] [%emt 00:03:46]} Rd7 {[%clk 00:22:21] [%emt 00:03:38]} 22. Rfe1
{[%clk 00:14:50] [%emt 00:01:06]} Qg5 {[%clk 00:20:54] [%emt 00:01:57]} 23. Qxg5
{[%clk 00:12:26] [%emt 00:02:54]} hxg5 {[%emt 00:02:59]} 24. Nd3 {[%clk
00:09:20] [%emt 00:11:59]} f6 {[%clk 00:10:12]} 25. f3 {[%clk 00:09:20]} Nd6
{[%clk 00:10:12] [%emt 00:01:21]} 26. Rxe8+ {[%clk 00:09:36]} Nxe8 {[%clk
00:10:39] [%emt 00:00:16]} 27. Nc5 {[%clk 00:09:15]} Re7 {[%clk 00:08:49] [%emt
00:03:11]} 28. Kf2 {[%clk 00:09:41] [%emt 00:00:04]} Kf8 {[%clk 00:08:20] [%emt
00:01:00]} 29. Ne3 {[%clk 00:04:54] [%emt 00:05:17]} Bg8 {[%clk 00:08:12] [%emt
00:00:36]} 30. Nf5 {[%clk 00:05:06] [%emt 00:00:21]} Rc7 {[%clk 00:08:07] [%emt
00:00:34]} 31. Rc3 {[%clk 00:05:28]} g6 {[%clk 00:00:35] [%emt 00:08:11]} 32.
Nh6 {[%clk 00:05:51]} Ng7 {[%clk 00:00:34] [%emt 00:00:37]} 33. Rb3 {[%clk
00:01:41]} Ne6 {[%clk 00:00:33] [%emt 00:05:12]} 34. Rxb7 {[%clk 00:01:20]} Rxb7
{[%clk 00:00:48] [%emt 00:01:06]} 35. Nxb7 {[%clk 00:01:46]} Nxd4 {[%clk
00:01:06] [%emt 00:00:15]} 36. Nc5 {[%clk 00:01:46]} a5 {[%clk 00:01:18] [%emt
00:00:47]} 37. Ke3 {[%clk 00:00:37]} Nc2+ {[%clk 00:00:33] [%emt 00:02:55]} 38.
Kd2 {[%clk 00:00:47]} Nd4 {[%clk 00:00:36] [%emt 00:00:46]} 39. Ke3 {[%clk
00:00:36]} Nc2+ {[%clk 00:00:37] [%emt 00:01:09]} 40. Kd2 {[%clk 00:01:04]} Nd4
{[%emt 00:08:36]} 41. Kc3 {[%clk 00:17:21] [%emt 00:26:03]} Nc6 {[%clk 00:22:24]
[%emt 00:28:49]} 42. Kb3 {[%clk 00:16:16] [%emt 00:01:35]} Bf7 {[%clk 00:13:08]
[%emt 00:09:47]} 43. Nxf7 {[%clk 00:15:44] [%emt 00:01:02]} Kxf7 {[%clk
00:13:35] [%emt 00:00:02]} 44. Ka4 {[%clk 00:15:10] [%emt 00:01:04]} d4 {[%clk
00:11:34] [%emt 00:02:31]} 45. Kb5 {[%clk 00:14:46] [%emt 00:00:55]} Ne5 {[%clk
00:11:36] [%emt 00:00:28]} 46. Nb3 {[%clk 00:11:58] [%emt 00:03:17]} d3 {[%clk
00:10:11] [%emt 00:01:55]} 47. Nd2 {[%emt 00:00:30]} Ke6 {[%clk 00:10:27] [%emt
00:00:09]} 48. Kxa5 {[%emt 00:01:32]} Kd5 {[%clk 00:09:28] [%emt 00:00:02]} 49.
Kb5 {[%clk 00:12:16] [%emt 00:01:19]} Kd4 50. a4 {[%clk 00:05:12] [%emt
00:01:36]} Ke3 51. Nb1 {[%clk 00:03:32] [%emt 00:08:14]} Ke2 {[%clk 00:07:26]}
52. a5 Kd1 {[%clk 00:08:30]} 53. a6 {[%clk 00:04:10] [%emt 00:04:04]} Kc2 54.
Nc3 {[%emt 00:01:42]} d2 {[%clk 00:06:49] [%emt 00:00:01]} 55. a7 {[%clk
00:04:25]} Kxb2 {[%clk 00:07:06] [%emt 00:00:28]} 56. Nd1+ {[%clk 00:04:31]} Kc2
{[%clk 00:07:24] [%emt 00:00:36]} 57. Nf2 {[%clk 00:04:35]} Nd3 {[%clk 00:07:34]
[%emt 00:00:47]} 58. Ng4 {[%clk 00:04:53]} Ne5 {[%clk 00:06:58] [%emt 00:01:18]}
59. a8=Q {[%clk 00:04:39]} Nxg4 {[%clk 00:07:21] [%emt 00:00:50]} 60. Qa4+
{[%clk 00:04:21]} Kc1 {[%clk 00:07:34] [%emt 00:01:06]} 61. Qc4+ {[%clk
00:04:20]} Kb2 {[%clk 00:07:53] [%emt 00:00:41]} 62. Qd3 {[%clk 00:04:37]} Kc1
{[%clk 00:08:10] [%emt 00:00:27]} 63. Qc3+ {[%clk 00:05:02]} 1-0

[Site "Europe Echecs"]

[Event "Grand Swiss "]
[Date "2025.09.05"]
[White "Tabatabaei, M. Amin"]
[Black "Maurizzi, MarcAndria"]
[WhiteElo "2673"]
[BlackElo "2610"]
[Round "2.2.31"]
[Result "1/2-1/2"]

1. d4 {[%clk 01:40:54] [%emt 00:00:05]} d5 {[%clk 01:40:43] [%emt 00:00:18]} 2.
Nf3 {[%clk 01:41:12] [%emt 00:00:11]} Nf6 {[%clk 01:40:56] [%emt 00:00:17]} 3.
e3 {[%clk 01:41:34] [%emt 00:00:08]} c5 {[%clk 01:25:53] [%emt 00:15:33]} 4. Be2
{[%clk 01:41:20] [%emt 00:00:43]} Nbd7 {[%clk 01:22:40] [%emt 00:03:45]} 5. O-O
{[%clk 01:40:27] [%emt 00:01:21]} e6 {[%clk 01:20:34] [%emt 00:02:38]} 6. b3
{[%clk 01:36:40] [%emt 00:04:16]} Bd6 {[%clk 01:18:42] [%emt 00:02:23]} 7. Bb2
{[%clk 01:37:00] [%emt 00:00:09]} b6 {[%clk 01:18:31] [%emt 00:00:42]} 8. Nbd2
{[%clk 01:32:37] [%emt 00:04:52]} O-O {[%clk 01:15:50] [%emt 00:03:12]} 9. c4
{[%clk 01:31:22] [%emt 00:01:45]} Bb7 {[%clk 01:14:18] [%emt 00:02:02]} 10. cxd5
{[%clk 01:29:26] [%emt 00:02:26]} Nxd5 {[%clk 01:03:23] [%emt 00:11:22]} 11. Nc4
{[%clk 01:18:15] [%emt 00:11:44]} Be7 {[%clk 01:02:29] [%emt 00:01:23]} 12. Nfe5
{[%clk 01:15:56] [%emt 00:02:49]} Nxe5 {[%clk 00:55:01] [%emt 00:08:00]} 13.
Nxe5 {[%clk 01:15:28] [%emt 00:00:57]} Rc8 {[%clk 00:53:00] [%emt 00:02:31]} 14.
Rc1 {[%clk 00:53:54] [%emt 00:22:04]} Nf6 {[%clk 00:44:27] [%emt 00:09:02]} 15.
Bf3 {[%clk 00:52:22] [%emt 00:02:03]} Bd5 {[%clk 00:39:49] [%emt 00:05:08]} 16.
dxc5 {[%clk 00:49:02] [%emt 00:03:50]} Rxc5 {[%clk 00:38:30] [%emt 00:01:49]}
17. Bxd5 {[%clk 00:31:51] [%emt 00:17:42]} Qxd5 {[%clk 00:27:48] [%emt
00:11:12]} 18. Qxd5 {[%clk 00:28:28] [%emt 00:03:53]} Nxd5 {[%clk 00:24:00]
[%emt 00:04:18]} 19. Rxc5 {[%clk 00:28:29] [%emt 00:00:28]} Bxc5 {[%clk
00:23:49] [%emt 00:00:41]} 20. Rc1 {[%clk 00:25:35] [%emt 00:03:24]} Rd8 {[%clk
00:22:30] [%emt 00:01:49]} 21. Kf1 {[%clk 00:25:01] [%emt 00:01:05]} f6 {[%clk
00:21:50] [%emt 00:01:09]} 22. Nc6 {[%clk 00:24:25] [%emt 00:01:03]} Rd7 {[%clk
00:21:56] [%emt 00:00:26]} 23. a3 {[%clk 00:19:52] [%emt 00:05:04]} Ne7 {[%clk
00:18:34] [%emt 00:03:52]} 24. Nxe7+ {[%clk 00:20:00] [%emt 00:00:22]} Bxe7
{[%clk 00:18:59] [%emt 00:00:05]} 25. Ke2 {[%clk 00:20:28] [%emt 00:00:02]} e5
{[%clk 00:18:30] [%emt 00:00:59]} 26. g4 {[%clk 00:15:23] [%emt 00:05:35]} Kf7
{[%clk 00:18:11] [%emt 00:00:49]} 27. Rc8 {[%clk 00:12:56] [%emt 00:02:55]} Ke6
{[%clk 00:16:26] [%emt 00:02:15]} 28. Rh8 {[%clk 00:11:39] [%emt 00:01:47]} Rc7
{[%clk 00:15:13] [%emt 00:01:45]} 29. Kd3 {[%clk 00:11:28] [%emt 00:00:39]} Rd7+
{[%clk 00:15:30] [%emt 00:00:14]} 30. Kc2 {[%clk 00:11:46] [%emt 00:00:10]} Rc7+
{[%clk 00:15:38] [%emt 00:00:24]} 31. Kb1 {[%clk 00:12:05] [%emt 00:00:10]} h6
{[%clk 00:15:23] [%emt 00:00:46]} 32. Rg8 {[%clk 00:12:26] [%emt 00:00:08]} Bd6
{[%clk 00:13:47] [%emt 00:02:07]} 33. h3 {[%clk 00:11:24] [%emt 00:01:33]} f5
{[%clk 00:12:07] [%emt 00:02:09]} 34. a4 {[%clk 00:03:18] [%emt 00:08:36]} fxg4
{[%clk 00:08:30] [%emt 00:04:08]} 35. hxg4 {[%clk 00:03:46] [%emt 00:00:01]} Rf7
{[%clk 00:08:56] [%emt 00:00:04]} 36. f4 {[%clk 00:03:39] [%emt 00:00:38]} exf4
{[%clk 00:09:20] [%emt 00:00:05]} 37. exf4 {[%clk 00:04:06] [%emt 00:00:03]}
Bxf4 {[%clk 00:06:31] [%emt 00:03:19]} 38. Bxg7 {[%clk 00:04:14] [%emt
00:00:22]} Kd5 {[%clk 00:06:00] [%emt 00:01:01]} 39. Bc3 {[%clk 00:03:09] [%emt
00:01:33]} Ke4 {[%clk 00:06:01] [%emt 00:00:30]} 40. Rg6 {[%clk 00:03:13] [%emt
00:00:27]} Rh7 {[%clk 00:01:54] [%emt 00:04:36]} 41. Bb2 {[%clk 00:47:12] [%emt
00:06:31]} Rc7 {[%clk 00:47:00] [%emt 00:05:24]} 42. Bg7 {[%clk 00:43:26] [%emt
00:04:17]} Rc1+ {[%clk 00:46:50] [%emt 00:00:40]} 43. Kb2 {[%clk 00:43:45] [%emt
00:00:11]} Rh1 {[%clk 00:45:56] [%emt 00:01:23]} 44. Kc3 {[%clk 00:43:57] [%emt
00:00:19]} Kd5 {[%clk 00:44:50] [%emt 00:01:36]} 45. Kb4 {[%clk 00:40:31] [%emt
00:03:55]} 1/2-1/2

[Site "Europe Echecs"]